| Tag |
First Indicator |
Second Indicator |
Subfields |
| LEADER |
00000cam a22000001a 4500 |
| 001 |
in00004100488 |
| 005 |
20200117091404.0 |
| 006 |
m d f |
| 007 |
cr bn mmmapmmp |
| 008 |
100222s2010 dcua ob f000 0 eng d |
| 035 |
|
|
|a chdc201000217
|
| 040 |
|
|
|a UMI
|c UMI
|d UtOrBLW
|
| 042 |
|
|
|a pcc
|
| 043 |
|
|
|a n-us---
|
| 074 |
|
|
|a 1015-A
|
| 086 |
0 |
|
|a Y 4.ED 8/1:111-34
|
| 088 |
|
|
|a Serial no. 111-34 (United States. Congress. House. Committee on Education and Labor)
|
| 110 |
1 |
|
|a United States.
|b Congress.
|b House.
|b Committee on Education and Labor.
|0 http://id.loc.gov/authorities/names/n79049133
|
| 245 |
1 |
0 |
|a Ensuring economic opportunities for young Americans :
|b hearing before the Committee on Education and Labor, U.S. House of Representatives, One Hundred Eleventh Congress, first session, hearing held in Washington, DC, October 1, 2009.
|
| 264 |
|
1 |
|a Washington :
|b U.S. G.P.O.,
|c 2010.
|
| 264 |
|
2 |
|a Washington :
|b For sale by the Supt. of Docs., U.S. G.P.O.
|
| 300 |
|
|
|a iii, 50 pages :
|b illustrations, digital, PDF file.
|
| 336 |
|
|
|a text
|b txt
|2 rdacontent
|
| 337 |
|
|
|a computer
|b c
|2 rdamedia
|
| 338 |
|
|
|a online resource
|b cr
|2 rdacarrier
|
| 500 |
|
|
|a Shipping list no: 2010-0103-P.
|
| 504 |
|
|
|a Includes bibliographical references.
|
| 500 |
|
|
|a "Serial number 111-34."
|
| 500 |
|
|
|a Record is based on bibliographic data in ProQuest Congressional Hearings Digital Collection. Reuse except for individual research requires license from ProQuest, LLC.
|
| 500 |
|
|
|a Electronic resource.
|
| 533 |
|
|
|a Electronic reproduction.
|b [Bethesda, Md.] :
|c ProQuest,
|d 2010.
|e digital, PDF file.
|n ProQuest U.S. Congressional Hearings Digital Collection.
|n Mode of access: World Wide Web via ProQuest website.
|
| 538 |
|
|
|a System requirements: PDF reader software.
|
| 650 |
|
0 |
|a Youth
|x Employment
|z United States
|x Finance.
|
| 650 |
|
0 |
|a Youth
|x Employment
|x Government policy
|z United States.
|
| 650 |
|
0 |
|a Labor market
|z United States.
|0 http://id.loc.gov/authorities/subjects/sh2008106397
|
| 651 |
|
0 |
|a United States
|x Economic conditions
|y 21st century.
|0 http://id.loc.gov/authorities/subjects/sh2009100016
|
| 776 |
0 |
8 |
|i Print version:
|a United States. Congress. House. Committee on Education and Labor.
|t Ensuring economic opportunities for young Americans
|w 9780160850004
|w 0160850002
|w (OCoLC)525277874
|
| 776 |
0 |
8 |
|i Microfiche version:
|a United States. Congress. House. Committee on Education and Labor.
|t Ensuring economic opportunities for young Americans
|d [Bethesda, Md.] : ProQuest,[2010]
|o CIS 2010 H341-21
|w (ProQuest)cis01000319
|
| 856 |
4 |
0 |
|u http://proxy.library.tamu.edu/login?url=http://search.proquest.com/congcomp/getdoc?HEARING-ID=HRG-2009-EDL-0027
|y Electronic resource (PDF)
|t 0
|
| 998 |
|
|
|a cis01000319
|
| 999 |
f |
f |
|s c50499ec-95f0-38d6-884a-350ed0781f90
|i 506d2c9b-2883-34e8-bb77-14cf38d8644e
|t 0
|
| 952 |
f |
f |
|a Texas A&M University
|b College Station
|c Electronic Resources
|d Available Online
|t 0
|e Y 4.ED 8/1:111-34
|h Superintendent of Documents classification
|
| 998 |
f |
f |
|a Y 4.ED 8/1:111-34
|t 0
|l Available Online
|